| 000 | 00459nam a2200193Ia 4500 | ||
|---|---|---|---|
| 005 | 20250423095738.0 | ||
| 008 | 250422s9999 xx 000 0 und d | ||
| 020 | _a9781259080784 | ||
| 050 | _aQL 47.2 .H54/ | ||
| 100 | _aHickman, Cleveland P. | ||
| 245 | 0 | _aIntegrated Principles of Zoology | |
| 250 | _a16th ed. | ||
| 260 | _aNew york | ||
| 260 | _bMcGraw-Hill Education | ||
| 260 | _c2014 | ||
| 300 | _a823 p | ||
| 650 | _aZoology. | ||
| 942 | _cBK | ||
| 999 |
_c31203 _d31203 |
||